1682 1439 1532 1996 1742 1432 1202 1164 1305 1248 1237 1487 1911 1255 1698 1846 1881 1701 1215 1824 1706 1737 1136 1376 1857 1142 1191 1040 1035 1118 1558 1113 1248 1852 1510 1420 1932 1124 1057 1511 1124 1008 1281 1419 1345 1051 1502 1343 1978 1213 1871 1704 1791 1872 1328 1763 1034 1770 1820 1634 1727 1068 1849 1979 1606 1315 1826 1279 1847 1464 1533 1629 1998 1885 1588 1982 1203 1542 1461 1879 1713 1543 1212 1154 1974 1235 1845 1074 1262 1658 1477 1164 1689 1732 1227 1216 1805 1478 1582 BCNSPRNW ULIB Ver.6.0+V

เปลี่ยนเป็นภาษาไทย

Change to English
 แสดงรายละเอียดบรรณานุกรม
  กลับหน้าหลัก

Brief Record : Get Marc (ISO 2709) : E-mail record : QR code < ปิดหน้าต่าง
LEADER : 00000nam 2200000uu 4500
001    13399113660
003     ULIB
008    020711s2550 th a 000 0 tha d
020    ^a9789748102153
090    ^aนว.^bล514ม 2550
100    ^aลิฬวรา
245    ^aมา(ร)ยา/^cลิฬวรา
250    ^aพิมพ์ครั้งที่ 1
260    ^aกรุงเทพฯ :^bพิมพ์คำ,^c2550
300    ^a430 หน้า
945    ^p250^l0^i022013
999 ^a ใช้งานได้ทุกระบบ
รายการนี้ยังไม่มีแท็ก
คุณยังไม่ได้ล็อกอิน คุณสามารถมีกิจกรรมร่วมกับเว็บไซต์ได้ แต่ต้องล็อกอินก่อน ::
  ล็อกอิน

รายการสื่อสารสนเทศ

ลำดับที่ ประเภท เลขเรียก/บาร์โค้ด สถานที่ สถานะ
1. นวนิยาย
นวนิยาย
นว. ล514ม 2550 ฉ.1 
  Barcode: 022013
ห้องสมุดวิทยาเขตสวรรค์ประชารักษ์
►นวนิยาย
บนชั้น
  ขอยืม

BibComment


ยังไม่เคยถูกคอมเมนท์

คอมเมนท์ทรัพยากรรายการนี้
  คอมเมนท์: มารยา ลิฬวรา


 Copyright 2026. Bcnsprnw @Library